Hospodářský partner Rakousko

Salvato in:
Dettagli Bibliografici
Autore principale: Lampert, Wolfgang
Natura: Libro
Lingua:ceco
Pubblicazione: Praha Linde 1991
Edizione:1. vyd.
Tags: Aggiungi Tag
Nessun Tag, puoi essere il primo ad aggiungerne!!

MARC

LEADER 00000nam a2200000 4500
001 c024206
005 20221206114636.4
041 0 |a cze 
044 |a CZ 
245 1 0 |a Hospodářský partner Rakousko  |c Wolfgang Lampert 
250 |a 1. vyd. 
264 1 |a Praha  |b Linde  |c 1991 
300 |a 186 s. 
100 1 |a Lampert, Wolfgang